00609nam a2200217Ia 4500008004000000041000800040082001300048100001800061245005100079260003200130300001100162650001000173650000700183650000700190650001700197690001800214700001900232906001100251999001700262952011200279210210b1944 xxu||||| |||| 00| 0 eng d aeng a909 DURS aDURANT (Will) aStory of civilization P8: Teh age of Louis XIV aN DbSimon & Schusterc1944 axv,802 aStory aP8 aof acivilization aWorld History aDURANT (Ariel) a027430 c78718d78718 001040738HistoryaALbALcRSd2021-02-17g0.00l0o909 DURSp027430r2021-02-17 00:00:00w2021-02-17yBK